Tout l'oeuvre peint de Botticelli
Shranjeno v:
| Glavni avtor: | |
|---|---|
| Format: | Knjiga |
| Jezik: | francoščina |
| Izdano: |
París
Flammarion
1968
|
| Serija: | <Les >Classiques de l'Art
|
| Teme: | |
| Oznake: |
Označite
Brez oznak, prvi označite!
|
MARC
| LEADER | 00000nam a2200000 a 4500 | ||
|---|---|---|---|
| 001 | UCU5714 | ||
| 003 | CL-VaPUC | ||
| 008 | 960614e19680000FR |||||||||||||||||fre|d | ||
| 082 | 0 | 4 | |a 759.03 |b MAN |2 21 |
| 100 | |a Mandel, Gabriele |e autor |9 363676 | ||
| 245 | 1 | 0 | |a Tout l'oeuvre peint de Botticelli |
| 300 | |a 120 p | ||
| 942 | |c BK | ||
| 945 | |d 19960614 00:00:00 |a rbrito | ||
| 260 | |a París |b Flammarion |c 1968 | ||
| 600 | 0 | 7 | |a BOTTICELLI, SANDRO |2 CL-VaPUC |9 342252 |
| 650 | 0 | |a Pintura italiana |9 265293 | |
| 650 | 0 | |a Pintores italianos |9 265277 | |
| 650 | 0 | |a Pintura renacentista |9 266314 | |
| 650 | 0 | |a Renacimiento |9 255107 | |
| 651 | 0 | |a Italia |9 254949 | |
| 583 | |a last modification |c 19960614 00:00:00 |k Rodrigo Vera | ||
| 490 | 0 | |a <Les >Classiques de l'Art | |
| 999 | |c 248917 |d 248915 | ||
| 952 | |0 0 |1 0 |4 0 |6 759_030000000000000_MAN_1968 |7 0 |8 F |9 265866 |a BIBARQ |b BIBARQ |d 2019-11-19 |i 3207897 |o 759.03 MAN 1968 |p 3207897 |r 2025-01-20 |w 2019-11-19 |y BK_F |k ARQ | ||